000 00938nas a2200301 4500
001 BR0101482
003 BR-BrBNA
005 20231205102139.0
007 ta
008 230509b bl.|||p| |||| 00| 00por d
040 _aBR-BrBNA
_bpor
_cBiblioteca Nacional de Agricultura
041 _a(Es)
072 _aJ11
100 1 _aZorzoli, R.
100 1 _aPratta, G.R.
100 1 _aPicardi, L.A.
245 1 _aVariabilidad genetica para la vida postcosecha y el peso de los frutos en tomate para familias F3 de un hibrido interespecifico
650 _aTomate
650 _aVariacao Genetica
650 _aSelecao Genetica
650 _aSegregacao
650 _aMetodo de Melhoramento
650 _aHibrido
650 _aPos-Colheita
773 0 _tPesquisa Agropecuaria Brasileira (Brazil)
_xISSN 0100-204X
_g(Dec 2000), v. 35(12) p. 2423-2427
_wBR0101482
909 _a202311
_bLúcia
_c55
_dLúcia Elande
942 _2AGRIS
_n0
_cANA
999 _c165986
_d165986